| 000 | 00844nam a22002177a 4500 | ||
|---|---|---|---|
| 005 | 20251126154512.0 | ||
| 008 | s2536 th tha d | ||
| 020 | _a9742770409 | ||
| 041 | _atha | ||
| 050 | _aSF75.2 ส881ห 2536 | ||
| 100 | 0 | _aสุวิทย์ เทียรทอง | |
| 245 | 1 | 0 | _aหลักการเลี้ยงสัตว์ (ฉบับปรับปรุง) [2nd] |
| 260 | 3 |
_aกรุงเทพฯ : _bโอเดียนสโตร์, _c2536 |
|
| 300 |
_a168 หน้า : _b ภาพประกอบ ; _c 24 ซม. |
||
| 650 | 0 | 4 | _aปศุสัตว์ |
| 650 | 0 | 4 | _aสัตว์ -- การเลี้ยง |
| 850 | _aNALT | ||
| 942 |
_cGB _02 |
||
| 997 | _c000000000011309 | ||
| 998 |
_aBENJALUCK _j111 _k นางสาวพจพิณ พรมเอี่ยม |
||
| 999 |
_c11309 _d11309 |
||